000
00297nam a22001217a 4500
020
_a
0967-1889-X
082
_a
200
_b
HUG/B
100
_a
HUGHES, SELWYN
245
_a
EVERYDAY WITH JESUS
_b
BEING REAL
260
_a
HYDERABAD
_b
ARUNODAYA PRINTERS HOUSE
_c
2009
650
_a
SPIRITUAL
_z
INDIA
942
_c
BK
999
_c
4721
_d
4721